Buổi làm việc mang lợi ích lâu dài /

Sparad:
Bibliografiska uppgifter
Institutionell upphovsman: Việt Nam Hương sắc.
Materialtyp: Artikel
Språk:Vietnamese
Ämnen:
Taggar: Lägg till en tagg
Inga taggar, Lägg till första taggen!
Thư viện lưu trữ: Thư viện Trường Đại học Đà Lạt
LEADER 00761nam a2200265 4500
001 DLU100108563
005 ##20100602
040 # # |a DLU  |b vie 
041 # # |a vie 
044 # # |a vn 
245 # # |a Buổi làm việc mang lợi ích lâu dài /  |c Việt Nam Hương sắc. 
653 # # |a Nghệ nhân 
653 # # |a Phát triển kinh tế 
653 # # |a Sinh vật cảnh 
710 # # |a Việt Nam Hương sắc. 
773 # # |t Việt Nam Hương sắc  |g Số6(177), 2008, tr. 3-4 
920 # # |a Phòng Tạp chí -- Trung tâm Thông tin - Thư viện Trường Đại học Đà Lạt 
994 # # |a DLU 
900 # # |a True 
911 # # |a Nguyễn Thị Linh Chi 
925 # # |a G 
926 # # |a A 
927 # # |a BB 
980 # # |a Thư viện Trường Đại học Đà Lạt